1071 1838 1158 1417 1721 1749 1682 1109 1627 1892 1441 1405 1319 1710 1461 1202 1038 1464 1135 1631 1750 1914 1620 1871 1732 1216 1513 1100 1225 1058 1160 1219 1301 1396 1564 1293 1407 1747 1229 1273 1380 1134 1111 1725 1045 1023 1043 1405 1926 1781 1829 1804 1280 1262 1168 1471 1026 1441 1840 1475 1948 1090 1741 1335 1297 1155 1190 1360 1510 1981 1158 1226 1055 1322 1832 1779 1294 1771 1365 1701 1222 1787 1816 1884 1770 1003 1314 1112 1897 1264 1231 1507 1912 1560 1384 1939 1117 1019 1872 BCNSPRNW ULIB Ver.6.0+V

เปลี่ยนเป็นภาษาไทย

Change to English
 แสดงรายละเอียดบรรณานุกรม
  กลับหน้าหลัก

Brief Record : Get Marc (ISO 2709) : E-mail record : QR code < ปิดหน้าต่าง
LEADER : 00000nam 2200000uu 4500
001    13399127142
003     ULIB
008    020711s2020 th a 000 0 eng d
020    ^a9780323479981
060    ^aWY152^bD547C
100    ^aDick, Karen L. and Buttaro,Terry Mahan.
245    ^aCase Studies in Geriatric Primary Care & Multimorbidity Management
250    ^a1st ed
260    ^aLouis, Missouri :^bElsevier,^c2020
300    ^a672 pages;^b21 cm
650    ^aGeriatric Primary Care
945    ^p2140^l0^i006332
999    ^aประนอม เกษจรัล
รายการนี้ยังไม่มีแท็ก
คุณยังไม่ได้ล็อกอิน คุณสามารถมีกิจกรรมร่วมกับเว็บไซต์ได้ แต่ต้องล็อกอินก่อน ::
  ล็อกอิน

รายการสื่อสารสนเทศ

ลำดับที่ ประเภท เลขเรียก/บาร์โค้ด สถานที่ สถานะ
1. Book การพยาบาล
Book การพยาบาล
WY152 D547C ฉ.1 
  Barcode: 006332
ห้องสมุดวิทยาเขตสวรรค์ประชารักษ์
►หนังสือทั่วไป
บนชั้น

BibComment


ยังไม่เคยถูกคอมเมนท์

คอมเมนท์ทรัพยากรรายการนี้
  คอมเมนท์: Case Studies in ..


 Copyright 2026. Bcnsprnw @Library